000 00196 a2200097 4500
001 7741
100 _aAnderson, J.C
245 _aDielectrics
260 _a
_bChapman Hall
_c
090 _c6198
_d6198
942 _aNUST-CAE
_cM
_c32709
999 _c242814
_d242814